Aspectos económicos del federalismo argentino (Registro nro. 4592)

Detalles MARC
000 -LEADER
fixed length control field 01053 a2200217 4500
001 - CONTROL NUMBER
control field 48452
005 - DATE AND TIME OF LATEST TRANSACTION
control field 20260407155749.0
008 - FIXED-LENGTH DATA ELEMENTS--GENERAL INFORMATION
fixed length control field 260407a1969 arg spa d
003 - CONTROL NUMBER IDENTIFIER
control field AR-UNSa-BCEJYS
040 ## - CATALOGING SOURCE
Original cataloging agency AR-UNSa-BCEJYS
Language of cataloging spa
Transcribing agency AR-UNSa-BCEJYS
080 ## - UNIVERSAL DECIMAL CLASSIFICATION NUMBER
Universal Decimal Classification number 94:33
Common auxiliary subdivision Historia económica
100 1# - MAIN ENTRY--PERSONAL NAME
Personal name Burgin, Miron
245 10 - TITLE STATEMENT
Title Aspectos económicos del federalismo argentino
250 ## - EDITION STATEMENT
Edition statement 2a. ed.
264 #1 - PRODUCTION, PUBLICATION, DISTRIBUTION, MANUFACTURE, AND COPYRIGHT NOTICE
Place of production, publication, distribution, manufacture Buenos Aires :
Name of producer, publisher, distributor, manufacturer Solar/Hachette
Date of production, publication, distribution, manufacture, or copyright notice 1969
300 ## - PHYSICAL DESCRIPTION
Extent 392 p.
Dimensions 20 cm.
505 ## - FORMATTED CONTENTS NOTE
Formatted contents note 1. La economía de la independencia - 2. La economía de Buenos Aires, de 1821 a 1829 - 3. Las reformas financieras de Buenos Aires de 1821 a 1829 - 4. El experimento unitario - 5. Las provincias - 6. El primer gobierno federal de Buenos Aires - 7. Las finanzas federales de Buenos Aires de 1829 a 1835 - 8. Las finanzas porteñas con Rosas - 9. Aranceles, emisiones y política - 10. La economía de la dictadura - 11. Aspectos económicos de la caída de Rosas.
590 ## - LOCAL NOTE (RLIN)
Local note niveau_biblio:m niveau_hierar:0
700 1# - ADDED ENTRY--PERSONAL NAME
Personal name Cales, Mario
942 ## - ADDED ENTRY ELEMENTS (KOHA)
Koha item type
Existencias
Withdrawn status Lost status Damaged status Not for loan Home library Current library Shelving location Date acquired Total checkouts Full call number Barcode Date last seen Price effective from Koha item type
        Biblioteca Prof. Eusebio Cleto del Rey Biblioteca Prof. Eusebio Cleto del Rey   07/04/2026   94:33 B954 2ed. L13209 07/04/2026 07/04/2026 Libro
        Biblioteca Prof. Eusebio Cleto del Rey Biblioteca Prof. Eusebio Cleto del Rey   07/04/2026   94:33 B954 2ed. L21771 07/04/2026 07/04/2026 Libro
        Biblioteca Prof. Eusebio Cleto del Rey Biblioteca Prof. Eusebio Cleto del Rey   07/04/2026   94:33 B954 2ed. L21770 07/04/2026 07/04/2026 Libro